000 01014nam a2200241Ia 4500
003 OSt
005 20250711155820.0
008 191128t2002 ck a br 000 f spa d
020 _a9580468729
040 _aCO-JMCR
_cCO-JMCR
041 _aspa
082 0 4 _aN
_bSIEa
100 1 _aSierra i Fabra, Jordi,
_d1947
_eautor
_98148
245 1 3 _aLa asombrosa historia del viajero de las estrellas /
_cJordi Sierra i Fabra; ilustraciones Daniel López
260 _aBogotá :
_bNorma,
_c©2002
300 _a106 páginas :
_bilustraciones a blanco y negro ;
_c19 cm.
490 0 _aTorre de papel amarilla
500 _aRecomendado para mayores de 11 años.
520 _aTres piratas van a ser condenados a muerte por un tribunal de la Corona Española en el año 1700. Sólo uno de ellos alega su inocecia y para probarlo, pide al juez que le conceda tres días para escribir su fascinante historia.
650 1 4 _aNovela juvenil española
_98149
700 _aLópez, Daniel,
_eilustrador
_98150
942 _2ddc
_cBK
999 _c3284
_d3284